| 000 | 005030000a22001930004500 | ||
|---|---|---|---|
| 001 | 001557 | ||
| 003 | MACL | ||
| 005 | 20150929121924.0 | ||
| 008 | 150929b xxu||||| |||| 00| 0 eng d | ||
| 040 |
_aMACL _cMACL |
||
| 041 | _aEnglish | ||
| 082 | _a891CHI | ||
| 100 |
_aChitre, Dilip _98918 |
||
| 245 |
_aShri Jnandev's Anubhavamrut _bThe Immortal Experience Of Being _cDilip Chitre |
||
| 260 |
_aPune _c1996 _bSahitya Akademi, |
||
| 350 | _a130 | ||
| 650 |
_aLiterature _912648 |
||
| 942 |
_k891 _cBK _2ddc |
||
| 999 |
_c13477 _d13477 |
||